000 00231nam a2200097Ia 4500
008 230915s9999 xx 000 0 und d
050 _aQE 28.2 .P58 1999
100 _aPLUMMER CHARLES C.
245 0 _aPHYSICAL GEOLOGY
942 _cBK
999 _c191023
_d191023